Разработка методов малоглубинной сейсморазведки на основе обработки многокомпонентных данных поверхностных волн; Проблемы геологии и освоения недр; Т. 1

Bibliographic Details
Parent link:Проблемы геологии и освоения недр: труды XXI Международного симпозиума имени академика М. А. Усова студентов и молодых ученых, посвященного 130-летию со дня рождения профессора М. И. Кучина, Томск, 3-7 апреля 2017 г./ Национальный исследовательский Томский политехнический университет (ТПУ), Институт природных ресурсов (ИПР) ; под ред. А. С. Боева.— , 2017
Т. 1.— 2017.— [С. 429-430]
Main Author: Яблоков А. В.
Corporate Authors: Российская академия наук (РАН) Сибирское отделение (СО) Институт нефтегазовой геологии и геофизики им. А. А. Трофимука (ИНГГ), Новосибирский государственный университет (НГУ), Российская академия наук (РАН) Сибирское отделение (СО) Институт горного дела (ИГД)
Other Authors: Сердюков А. С. (научный руководитель)
Summary:Заглавие с экрана
Language:Russian
Published: 2017
Series:Геофизические методы исследования Земли и поисков и разведки месторождений полезных ископаемых. Геоинформационные системы в геофизических исследованиях
Subjects:
Online Access:http://earchive.tpu.ru/handle/11683/44274
Format: Electronic Book Chapter
KOHA link:https://koha.lib.tpu.ru/cgi-bin/koha/opac-detail.pl?biblionumber=624624

MARC

LEADER 00000naa2a2200000 4500
001 624624
005 20231101133325.0
035 |a (RuTPU)RU\TPU\conf\23884 
035 |a RU\TPU\conf\23882 
090 |a 624624 
100 |a 20171124d2017 k y0rusy50 ca 
101 0 |a rus 
102 |a RU 
105 |a y z 100zy 
135 |a drcn ---uucaa 
181 0 |a i  
182 0 |a b 
200 1 |a Разработка методов малоглубинной сейсморазведки на основе обработки многокомпонентных данных поверхностных волн  |f А. В. Яблоков, А. С. Сердюков  |g науч. рук. А. С. Сердюков 
203 |a Текст  |c электронный 
225 1 |a Геофизические методы исследования Земли и поисков и разведки месторождений полезных ископаемых. Геоинформационные системы в геофизических исследованиях 
230 |a 1 компьютерный файл (pdf; 466 Kb) 
300 |a Заглавие с экрана 
320 |a [Библиогр.: с. 430 (4 назв.)] 
461 1 |0 (RuTPU)RU\TPU\conf\21932  |t Проблемы геологии и освоения недр  |o труды XXI Международного симпозиума имени академика М. А. Усова студентов и молодых ученых, посвященного 130-летию со дня рождения профессора М. И. Кучина, Томск, 3-7 апреля 2017 г.  |o в 2 т.  |f Национальный исследовательский Томский политехнический университет (ТПУ), Институт природных ресурсов (ИПР) ; под ред. А. С. Боева  |d 2017 
463 1 |0 (RuTPU)RU\TPU\conf\21936  |t Т. 1  |v [С. 429-430]  |d 2017 
610 1 |a электронный ресурс 
610 1 |a малоглубинная сейсморазведка 
610 1 |a данные 
610 1 |a поверхностные волны 
610 1 |a мониторинг 
610 1 |a прогнозирование 
610 1 |a вечная мерзлота 
610 1 |a сейсморазведка 
610 1 |a инженерно-геологические изыскания 
610 1 |a упругие волны 
700 1 |a Яблоков  |b А. В. 
701 1 |a Сердюков  |b А. С. 
702 1 |a Сердюков  |b А. С.  |4 727 
712 0 2 |a Российская академия наук (РАН)  |b Сибирское отделение (СО)  |b Институт нефтегазовой геологии и геофизики им. А. А. Трофимука (ИНГГ)  |c (Новосибирск)  |c (2005- )  |2 stltpush  |3 (RuTPU)RU\TPU\col\11894 
712 0 2 |a Новосибирский государственный университет (НГУ)  |2 stltpush  |3 (RuTPU)RU\TPU\col\721 
712 0 2 |a Российская академия наук (РАН)  |b Сибирское отделение (СО)  |b Институт горного дела (ИГД)  |c (Новосибирск)  |2 stltpush  |3 (RuTPU)RU\TPU\col\2521 
801 2 |a RU  |b 63413507  |c 20171201  |g RCR 
856 4 |u http://earchive.tpu.ru/handle/11683/44274 
942 |c BK